[Event "Bronshoj Lang Weekend 2013"]
[Site "Bronshoj"]
[Date "2013.02.08"]
[Round "1"]
[White "Kokholm, Daniel"]
[Black "Semcesen, Daniel"]
[Result "0-1"]
[WhiteElo "1910"]
[BlackElo "2479"]
[PlyCount "74"]
[EventDate "2013.??.??"]
[EventType "swiss"]
[EventRounds "7"]
[EventCountry "DEN"]

1. d4 e6 2. e4 b6 3. Bd3 Bb7 4. Qe2 g6 5. Be3 Bg7 6. c3 Ne7 7. Na3 d6 8. Qd2 h6
9. Ne2 Nd7 10. O-O Nf6 11. f3 a6 12. c4 c5 13. Rae1 Qc7 14. Nc2 cxd4 15. Ncxd4
g5 16. a4 Ng6 17. b3 Nd7 18. Bb1 O-O 19. Ng3 Be5 20. Nde2 Nf6 21. Rc1 Rab8 22.
b4 Ba8 23. f4 gxf4 24. Bxf4 Nxf4 25. Nxf4 Qe7 26. Nfh5 Nxh5 27. Nxh5 Qh4 28.
Nf4 Kh8 29. Rf3 Rg8 30. Rcf1 Rg4 31. Rh3 Qg5 32. Rhf3 Rg8 33. g3 h5 34. Qf2 h4
35. Nh3 hxg3 36. Qe3 Qxe3+ 37. Rxe3 Bd4 0-1

[Event "Bronshoj Lang Weekend 2013"]
[Site "Bronshoj"]
[Date "2013.02.08"]
[Round "1"]
[White "Pedersen, Nicolai Vesterbaek"]
[Black "Olsen, Michael Richard W"]
[Result "1-0"]
[WhiteElo "2440"]
[BlackElo "1896"]
[PlyCount "37"]
[EventDate "2013.??.??"]
[EventType "swiss"]
[EventRounds "7"]
[EventCountry "DEN"]

1. d4 d5 2. c4 e6 3. Nc3 Nf6 4. cxd5 exd5 5. Bg5 Be7 6. e3 c6 7. Qc2 Nh5 8.
Bxe7 Qxe7 9. Nxd5 Qd6 10. Nc3 O-O 11. Bd3 Kh8 12. Nge2 f5 13. Ng3 Nxg3 14. hxg3
h6 15. O-O-O b5 16. Rh5 g6 17. Rxh6+ Kg7 18. Rdh1 Be6 19. g4 1-0

[Event "Bronshoj Lang Weekend 2013"]
[Site "Bronshoj"]
[Date "2013.02.08"]
[Round "1"]
[White "Rosenkilde, Alexander"]
[Black "Nielsen, Morten Majlund"]
[Result "1/2-1/2"]
[WhiteElo "2242"]
[BlackElo "1889"]
[PlyCount "95"]
[EventDate "2013.??.??"]
[EventType "swiss"]
[EventRounds "7"]
[EventCountry "DEN"]

1. d4 d5 2. c4 e6 3. Nf3 Nf6 4. g3 Bb4+ 5. Bd2 a5 6. Bg2 dxc4 7. Bxb4 axb4 8.
Ne5 c5 9. e3 cxd4 10. exd4 O-O 11. O-O Nc6 12. Nxc6 bxc6 13. Bxc6 Ra6 14. Bg2
Rd6 15. Qd2 Qb6 16. a3 bxa3 17. Nxa3 Rxd4 18. Qe3 Qxb2 19. Rfb1 Qd2 20. Qxd2
Rxd2 21. Nxc4 Rd4 22. Ne5 Bd7 23. Ra7 g6 24. Bf3 h5 25. Kg2 Kg7 26. Rbb7 Be8
27. Re7 Ra4 28. Rab7 Ra6 29. Rb8 Ra5 30. Nc4 Rb5 31. Ra8 Rb3 32. Nd6 Rxf3 33.
Nxe8+ Rxe8 34. Rexe8 Nxe8 35. Kxf3 Nd6 36. h4 Kf6 37. Kf4 Nf5 38. Ra6 Ne7 39.
f3 Nd5+ 40. Ke4 g5 41. hxg5+ Kxg5 42. Ra8 Ne7 43. Ke5 Ng6+ 44. Ke4 h4 45. gxh4+
Nxh4 46. Rh8 Ng6 47. Ra8 Kf6 48. f4 1/2-1/2

[Event "Bronshoj Lang Weekend 2013"]
[Site "Bronshoj"]
[Date "2013.02.08"]
[Round "1"]
[White "Andersen, Daniel"]
[Black "Stojanovski, Sandi"]
[Result "0-1"]
[WhiteElo "1844"]
[BlackElo "2230"]
[PlyCount "29"]
[EventDate "2013.??.??"]
[EventType "swiss"]
[EventRounds "7"]
[EventCountry "DEN"]

1. c4 e6 2. Nc3 c5 3. Nf3 b6 4. g3 Bb7 5. Bg2 Nf6 6. O-O Be7 7. d4 cxd4 8. Qxd4
d6 9. Rd1 a6 10. Ng5 Bxg2 11. Kxg2 Qc7 12. b3 b5 13. Nge4 O-O 14. f3 Nc6 15.
cxb5 0-1

[Event "Bronshoj Lang Weekend 2013"]
[Site "Bronshoj"]
[Date "2013.02.08"]
[Round "1"]
[White "Nohr, Finn"]
[Black "Schmidt, Horst Hubert"]
[Result "1-0"]
[WhiteElo "2054"]
[BlackElo "1683"]
[PlyCount "59"]
[EventDate "2013.??.??"]
[EventType "swiss"]
[EventRounds "7"]
[EventCountry "DEN"]

1. e4 e6 2. d4 d5 3. Nc3 dxe4 4. Nxe4 Bd7 5. Nf3 Bc6 6. Bd3 Nf6 7. Nxf6+ gxf6
8. Bf4 Nd7 9. Qe2 Nb6 10. O-O-O Nd5 11. Bg3 Bh6+ 12. Kb1 Qe7 13. Rhe1 O-O-O 14.
c4 Nb4 15. d5 Nxd3 16. Rxd3 Qd7 17. Bh4 Bg7 18. Qe3 Kb8 19. Ra3 Ba4 20. b3 exd5
21. Rxa4 d4 22. Qf4 d3 23. Rd1 Rhe8 24. Bxf6 Bxf6 25. Qxf6 Re6 26. Qc3 Re2 27.
c5 Qf5 28. Nd4 Rxd4 29. Rxd4 d2+ 30. Qd3 1-0

[Event "Bronshoj Lang Weekend 2013"]
[Site "Bronshoj"]
[Date "2013.02.08"]
[Round "1"]
[White "Danielsson, Dominik"]
[Black "Pedersen, Jan Nordenbaek"]
[Result "0-1"]
[WhiteElo "1895"]
[BlackElo "2263"]
[PlyCount "60"]
[EventDate "2013.??.??"]
[EventType "swiss"]
[EventRounds "7"]
[EventCountry "DEN"]

1. e4 e5 2. Nf3 Nf6 3. Nc3 Nc6 4. a3 d6 5. Bb5 Bd7 6. d4 exd4 7. Nxd4 Be7 8.
O-O O-O 9. Bxc6 bxc6 10. Bf4 c5 11. Nf5 Bxf5 12. exf5 Rb8 13. b3 Qd7 14. g4 h6
15. Qf3 Rfe8 16. Rad1 Bf8 17. h4 Nh7 18. Ne4 c4 19. bxc4 Qa4 20. g5 Qxc2 21.
Rfe1 Rb3 22. Qg2 Kh8 23. g6 fxg6 24. fxg6 Nf6 25. Nxf6 Rxe1+ 26. Rxe1 Rb1 27.
Rxb1 Qxb1+ 28. Kh2 gxf6 29. Bxh6 Bxh6 30. Qa8+ Kg7 0-1

[Event "Bronshoj Lang Weekend 2013"]
[Site "Bronshoj"]
[Date "2013.02.08"]
[Round "1"]
[White "Petersen, Peter Birk"]
[Black "Jorgensen, Mikkel"]
[Result "1-0"]
[WhiteElo "2121"]
[BlackElo "1768"]
[PlyCount "39"]
[EventDate "2013.??.??"]
[EventType "swiss"]
[EventRounds "7"]
[EventCountry "DEN"]

1. e4 d6 2. d4 g6 3. Nc3 Bg7 4. f4 Nd7 5. Nf3 c5 6. d5 a6 7. a4 Nh6 8. Be2 O-O
9. Ng5 Re8 10. O-O Nf8 11. f5 gxf5 12. exf5 Bxf5 13. Nxf7 Nxf7 14. Rxf5 Ng6 15.
Ne4 Qd7 16. Bg4 Qc7 17. Rxf7 Kxf7 18. Be6+ Kf8 19. Qf3+ Bf6 20. Bh6# 1-0

[Event "Bronshoj Lang Weekend 2013"]
[Site "Bronshoj"]
[Date "2013.02.08"]
[Round "1"]
[White "Moller, Arne Vagn"]
[Black "Kirknel, Thomas"]
[Result "0-1"]
[WhiteElo "1745"]
[BlackElo "2111"]
[PlyCount "56"]
[EventDate "2013.??.??"]
[EventType "swiss"]
[EventRounds "7"]
[EventCountry "DEN"]

1. e4 c5 2. b3 Nc6 3. Bb2 Nf6 4. d3 d5 5. exd5 Nxd5 6. Nd2 e5 7. Nc4 f6 8. Be2
Be6 9. g3 Be7 10. h4 O-O 11. Nf3 Qc7 12. c3 b5 13. Ncd2 a6 14. h5 Rfd8 15. Qc2
Rac8 16. Nh4 f5 17. O-O-O Qa5 18. a3 Nd4 19. Nc4 Nxe2+ 20. Qxe2 bxc4 21. dxc4
Nc7 22. Qxe5 Bf6 23. Qe3 Qb6 24. f4 Qxb3 25. Rxd8+ Rxd8 26. Nf3 Qxc4 27. Ne5
Qd5 28. c4 Qxh1+ 0-1

[Event "Bronshoj Lang Weekend 2013"]
[Site "Bronshoj"]
[Date "2013.02.08"]
[Round "1"]
[White "Christiansen, Johan Sebastian"]
[Black "Kyrkjebo, Eirik"]
[Result "1-0"]
[WhiteElo "2071"]
[BlackElo "1733"]
[PlyCount "55"]
[EventDate "2013.??.??"]
[EventType "swiss"]
[EventRounds "7"]
[EventCountry "DEN"]

1. d4 d5 2. c4 c6 3. Nf3 Nf6 4. Qc2 e6 5. Bf4 Nh5 6. Bd2 Nf6 7. e3 Bd6 8. Nc3
Nbd7 9. Rd1 O-O 10. e4 Nxe4 11. Nxe4 dxe4 12. Qxe4 Nf6 13. Qh4 c5 14. Bd3 Re8
15. dxc5 Bxc5 16. Bc3 Qe7 17. g4 h6 18. g5 Nh7 19. Rg1 Bb4 20. gxh6 Bxc3+ 21.
bxc3 g6 22. Bxg6 fxg6 23. Rxg6+ Kh8 24. Qxe7 Rxe7 25. Rd8+ Nf8 26. Rxf8+ Kh7
27. Rfg8 b6 28. Ng5# 1-0

[Event "Bronshoj Lang Weekend 2013"]
[Site "Bronshoj"]
[Date "2013.02.08"]
[Round "1"]
[White "Stolberg Rohr, Thomine"]
[Black "Kyrkjebo, Marte Bakken"]
[Result "1-0"]
[WhiteElo "2025"]
[BlackElo "1632"]
[PlyCount "63"]
[EventDate "2013.??.??"]
[EventType "swiss"]
[EventRounds "7"]
[EventCountry "DEN"]

1. e4 e5 2. Nc3 Nc6 3. Bc4 Nf6 4. d3 Bb4 5. f4 d5 6. exd5 Nxd5 7. Bxd5 Qxd5 8.
Nf3 Bg4 9. Bd2 Qc5 10. Ne4 Bxd2+ 11. Qxd2 Qb6 12. Nxe5 Nxe5 13. fxe5 Qxb2 14.
O-O Qd4+ 15. Kh1 Be6 16. Qf4 Qd5 17. Qg5 h6 18. Qg3 O-O-O 19. a4 Rdf8 20. Qe3
Kb8 21. Rfb1 Qxe5 22. Rxb7+ Kc8 23. Rab1 Qd5 24. Qxa7 Qc6 25. Nc5 Kd8 26. Qb8+
Bc8 27. Qxc8+ Ke7 28. Rxc7+ Qxc7 29. Qxc7+ Kf6 30. Rf1+ Kg5 31. Qf4+ Kg6 32.
Qf5# 1-0

[Event "Bronshoj Lang Weekend 2013"]
[Site "Bronshoj"]
[Date "2013.02.08"]
[Round "1"]
[White "Kristensen, Lars Ostergaard"]
[Black "Jacobsen, Mads Holger Bang"]
[Result "0-1"]
[WhiteElo "1495"]
[BlackElo "2007"]
[PlyCount "98"]
[EventDate "2013.??.??"]
[EventType "swiss"]
[EventRounds "7"]
[EventCountry "DEN"]

1. d4 d5 2. c4 c6 3. Nc3 Nf6 4. cxd5 cxd5 5. Bf4 Nc6 6. e3 Bf5 7. Nf3 e6 8. Rc1
Bd6 9. Bxd6 Qxd6 10. Be2 h6 11. O-O O-O 12. Bd3 Rfe8 13. Bxf5 exf5 14. Nb5 Qd7
15. Qb3 a6 16. Nc3 b5 17. Ne2 g5 18. Qd1 Rac8 19. Rc5 Ne4 20. Rc1 Qd6 21. Ne1
Na5 22. Nd3 Nc4 23. Rc2 Rcd8 24. Ng3 Nxf2 25. Rcxf2 Nxe3 26. Nxf5 Nxd1 27. Nxd6
Nxf2 28. Nxe8 Nxd3 29. Nf6+ Kg7 30. b3 Nf4 31. Ng4 Ne2+ 32. Kf2 Nxd4 33. Ke3
Ne6 34. Kd3 Nf4+ 35. Kd4 Nxg2 36. Ne5 Nf4 37. h4 Ne6+ 38. Kd3 f6 39. Nc6 Rd7
40. hxg5 hxg5 41. Re1 Kf7 42. Rf1 Rd6 43. Ne5+ Kg7 44. Ng4 Nf4+ 45. Kd4 Rc6 46.
Ne3 Kg6 47. Rf2 Re6 48. Ng4 Re4+ 49. Kc3 f5 0-1

[Event "Bronshoj Lang Weekend 2013"]
[Site "Bronshoj"]
[Date "2013.02.08"]
[Round "1"]
[White "Jacobsen, Mikkel Manosri"]
[Black "Nielsen, Henning"]
[Result "0-1"]
[WhiteElo "1822"]
[BlackElo "2129"]
[PlyCount "58"]
[EventDate "2013.??.??"]
[EventType "swiss"]
[EventRounds "7"]
[EventCountry "DEN"]

1. d4 Nf6 2. Nf3 g6 3. Bf4 Bg7 4. e3 O-O 5. Be2 c5 6. c3 d5 7. h3 Nc6 8. O-O b6
9. Nbd2 cxd4 10. exd4 Bb7 11. Ne5 Nd7 12. Ndf3 f6 13. Nxd7 Qxd7 14. Bb5 a6 15.
Ba4 b5 16. Bb3 Na5 17. Bc2 Nc4 18. b3 Nd6 19. a4 Rac8 20. Bxd6 Qxd6 21. Qd3 e5
22. Qe3 b4 23. dxe5 fxe5 24. c4 d4 25. Qe2 Qc6 26. Rfe1 Rf4 27. Rad1 Rcf8 28.
Bb1 e4 29. Nxd4 Bxd4 0-1

[Event "Bronshoj Lang Weekend 2013"]
[Site "Bronshoj"]
[Date "2013.02.08"]
[Round "1"]
[White "Kyrkjebo, Hanna Bakken"]
[Black "Ronsted, Torben"]
[Result "0-1"]
[WhiteElo "1543"]
[BlackElo "2009"]
[PlyCount "108"]
[EventDate "2013.??.??"]
[EventType "swiss"]
[EventRounds "7"]
[EventCountry "DEN"]

1. e4 c5 2. Nc3 a6 3. g3 b5 4. Bg2 Bb7 5. d3 e6 6. f4 Nf6 7. Nf3 Be7 8. O-O d6
9. h3 O-O 10. g4 Nc6 11. Ne2 c4 12. Be3 cxd3 13. cxd3 Rc8 14. Ng3 Nb4 15. Rf2
Nd7 16. a3 Nc6 17. f5 Nde5 18. Qd2 Nxf3+ 19. Rxf3 Ne5 20. Rf2 d5 21. Raf1 dxe4
22. fxe6 Nf3+ 23. Bxf3 exf3 24. exf7+ Rxf7 25. Ne4 Bxe4 26. dxe4 Qxd2 27. Rxd2
Bh4 28. Bf2 Bg5 29. Rd5 h6 30. h4 Bc1 31. Bd4 Rf4 32. Kh2 Rc2+ 33. Rf2 Rxf2+
34. Bxf2 Rxg4 35. Kh3 Rg2 36. Bg3 Bxb2 37. Rd3 Re2 38. Rxf3 Rxe4 39. Rb3 Bc1
40. Rc3 Bb2 41. Rb3 Bf6 42. Rd3 Be7 43. h5 Kf7 44. Kg2 Re2+ 45. Kf3 Ra2 46. Bd6
Bxd6 47. Rxd6 Rxa3+ 48. Kg4 b4 49. Rb6 b3 50. Kf5 Ra5+ 51. Kg4 Rb5 52. Rd6 b2
53. Rd1 b1=Q 54. Rxb1 Rxb1 0-1

[Event "Bronshoj Lang Weekend 2013"]
[Site "Bronshoj"]
[Date "2013.02.08"]
[Round "1"]
[White "Hansen, Morten Juhl"]
[Black "Yssing, Klaus"]
[Result "0-1"]
[WhiteElo "1000"]
[BlackElo "1914"]
[PlyCount "72"]
[EventDate "2013.??.??"]
[EventType "swiss"]
[EventRounds "7"]
[EventCountry "DEN"]

1. d4 e6 2. Nf3 f5 3. c4 Nf6 4. Nfd2 Be7 5. e3 O-O 6. Be2 c5 7. b3 Nc6 8. Bb2
b6 9. Nf3 Bb7 10. O-O Ne4 11. Nbd2 Bf6 12. Bd3 Nb4 13. Qb1 Nxd3 14. Qxd3 Qe8
15. a3 Qg6 16. g3 h5 17. Rab1 h4 18. Kg2 Nxd2 19. Qxd2 h3+ 20. Kg1 Bxf3 21.
dxc5 Bc6 22. b4 bxc5 23. b5 Be4 24. Rbd1 Qg4 25. f4 d5 26. cxd5 exd5 27. Be5
Bxe5 28. fxe5 Qg6 29. Rf4 a6 30. b6 Qxb6 31. Rxe4 dxe4 32. Qd5+ Kh7 33. Qc4 Qb2
34. Qf1 Qg2+ 35. Qxg2 hxg2 36. Kxg2 Rac8 0-1

[Event "Bronshoj Lang Weekend 2013"]
[Site "Bronshoj"]
[Date "2013.02.08"]
[Round "1"]
[White "Hansen, Rasmus Agertoft"]
[Black "Pedersen, Bo V"]
[Result "1-0"]
[WhiteElo "1975"]
[BlackElo "1425"]
[PlyCount "123"]
[EventDate "2013.??.??"]
[EventType "swiss"]
[EventRounds "7"]
[EventCountry "DEN"]

1. e4 c5 2. Nf3 Nc6 3. d4 cxd4 4. Nxd4 Nf6 5. Nc3 a6 6. a4 g6 7. f4 e5 8. Nxc6
bxc6 9. fxe5 Nh5 10. Be3 Bb4 11. g4 Ng7 12. h4 h5 13. Qd4 Qe7 14. Bg5 Ne6 15.
Bxe7 Nxd4 16. Bxb4 Nxc2+ 17. Kd2 Nxb4 18. Be2 hxg4 19. Bxg4 a5 20. Rad1 Ba6 21.
Ke3 Rd8 22. Rd6 Bc4 23. Rh2 Ke7 24. Bd1 Be6 25. Ne2 Rh7 26. Nf4 g5 27. Nxe6
fxe6 28. h5 Rb8 29. Rhd2 Rb7 30. Rg2 Na6 31. Rdd2 Rb4 32. Rxg5 Nc5 33. Bf3 Nxa4
34. Rdg2 Rb3+ 35. Kf2 Rxb2+ 36. Kg1 Rxg2+ 37. Rxg2 Nb6 38. Be2 d5 39. exd5 exd5
40. Rg6 Nd7 41. Bg4 c5 42. Rd6 Nf8 43. h6 Rh8 44. Kf2 Kf7 45. Bf5 d4 46. Ke2 a4
47. Ra6 Ke7 48. Ra7+ Ke8 49. h7 a3 50. Rxa3 Kd8 51. Ra7 Ke8 52. Rg7 Nxh7 53.
Bxh7 Rf8 54. Rg8 Rxg8 55. Bxg8 Ke7 56. Kd3 Kd7 57. Bc4 Ke7 58. Ke4 Kd7 59. Kd5
Ke7 60. Kxc5 d3 61. Bxd3 Ke6 62. Kd4 1-0

[Event "Bronshoj Lang Weekend 2013"]
[Site "Bronshoj"]
[Date "2013.02.08"]
[Round "1"]
[White "Rhee, Alexander Kasper"]
[Black "Stuhr, Peter Sebastian"]
[Result "1-0"]
[WhiteElo "2168"]
[BlackElo "1825"]
[PlyCount "41"]
[EventDate "2013.??.??"]
[EventType "swiss"]
[EventRounds "7"]
[EventCountry "DEN"]

1. Nf3 f5 2. d3 Nf6 3. e4 d6 4. Nc3 e5 5. exf5 Bxf5 6. d4 e4 7. Nh4 Bg4 8. Be2
Bxe2 9. Qxe2 d5 10. Bg5 Be7 11. Nf5 c6 12. Nxg7+ Kf7 13. Nh5 Qg8 14. h4 Nbd7
15. O-O-O Qg6 16. Nf4 Qg7 17. f3 Bb4 18. Nxe4 dxe4 19. Qc4+ Ke8 20. Qxb4 exf3
21. Rhe1+ 1-0

[Event "Bronshoj Lang Weekend 2013"]
[Site "Bronshoj"]
[Date "2013.02.08"]
[Round "1"]
[White "Hansen, Henrik Damgaard"]
[Black "Nilsson, Lars Kjoller"]
[Result "0-1"]
[WhiteElo "1679"]
[BlackElo "2036"]
[PlyCount "34"]
[EventDate "2013.??.??"]
[EventType "swiss"]
[EventRounds "7"]
[EventCountry "DEN"]

1. e4 c5 2. c3 d5 3. exd5 Qxd5 4. d4 Nf6 5. Nf3 Bg4 6. Be2 e6 7. O-O Be7 8. Be3
cxd4 9. Nxd4 Bxe2 10. Qxe2 O-O 11. Nd2 Nc6 12. N2b3 Ne5 13. Rfd1 Qc4 14. Rd2
Nd5 15. Qd1 Nxe3 16. fxe3 Rfd8 17. Ne2 Qe4 0-1

[Event "Bronshoj Lang Weekend 2013"]
[Site "Bronshoj"]
[Date "2013.02.08"]
[Round "1"]
[White "Christensen, Esben"]
[Black "Brondum, Jan Kraul"]
[Result "1/2-1/2"]
[WhiteElo "1926"]
[BlackElo "1309"]
[PlyCount "82"]
[EventDate "2013.??.??"]
[EventType "swiss"]
[EventRounds "7"]
[EventCountry "DEN"]

1. e4 e5 2. Nf3 Nc6 3. Bc4 Nf6 4. d3 h6 5. c3 Bc5 6. O-O O-O 7. d4 exd4 8. cxd4
Bb6 9. d5 Ne7 10. e5 Ne8 11. d6 Nc6 12. Nc3 Kh8 13. Nd5 cxd6 14. exd6 Bc5 15.
Nc7 Nxc7 16. dxc7 Qxc7 17. Nh4 d6 18. Qh5 Ne5 19. Bb3 Bg4 20. Ng6+ fxg6 21. Qh4
Rf3 22. Bd1 Rxf2 23. Rxf2 Bxd1 24. Bxh6 Bh5 25. Bf4 Ng4 26. Bg3 Rf8 27. Raf1
Qf7 28. h3 g5 29. Qxg5 Nxf2 30. Kh2 Ng4+ 31. hxg4 Qxf1 32. gxh5 Qg1+ 33. Kh3
Qh1+ 34. Kg4 Rf6 35. Qd5 Qf1 36. Qxb7 Qf5+ 37. Kh4 Be3 38. Qb8+ Kh7 39. Bxd6
Bg5+ 40. Kg3 Rxd6 41. Qxd6 Bf6 1/2-1/2

[Event "Bronshoj Lang Weekend 2013"]
[Site "Bronshoj"]
[Date "2013.02.09"]
[Round "2"]
[White "Semcesen, Daniel"]
[Black "Ulrich, Thomas"]
[Result "1-0"]
[WhiteElo "2479"]
[BlackElo "2060"]
[PlyCount "89"]
[EventDate "2013.??.??"]
[EventType "swiss"]
[EventRounds "7"]
[EventCountry "DEN"]

1. c4 Nf6 2. Nc3 e6 3. e4 c5 4. e5 Ng8 5. Nf3 d6 6. exd6 Bxd6 7. d4 cxd4 8.
Nxd4 a6 9. Be3 Ne7 10. c5 Be5 11. f4 Bf6 12. Bc4 Nd5 13. Bxd5 exd5 14. Qf3 Nc6
15. O-O-O Ne7 16. g4 O-O 17. Kb1 Qd7 18. h3 Rd8 19. Rd2 Qc7 20. Rhd1 Bd7 21. f5
Be5 22. Bf2 Re8 23. Re2 Rad8 24. Rde1 Bf6 25. a3 Qc8 26. Qf4 Bc6 27. Ka1 Qb8
28. Qf3 Qc8 29. Qd3 Qd7 30. Bg3 Nc8 31. Be5 Rxe5 32. Rxe5 Bxe5 33. Rxe5 Re8 34.
Qe3 Rxe5 35. Qxe5 h6 36. h4 Qe7 37. Qb8 Qe8 38. g5 Kh7 39. Ka2 Qd7 40. Nce2 Bb5
41. Nf4 Ne7 42. Qe5 Nc6 43. Nxc6 Qxc6 44. Nh5 f6 45. Qe7 1-0

[Event "Bronshoj Lang Weekend 2013"]
[Site "Bronshoj"]
[Date "2013.02.09"]
[Round "2"]
[White "Nilsson, Lars Kjoller"]
[Black "Pedersen, Nicolai Vesterbaek"]
[Result "1/2-1/2"]
[WhiteElo "2036"]
[BlackElo "2440"]
[PlyCount "65"]
[EventDate "2013.??.??"]
[EventType "swiss"]
[EventRounds "7"]
[EventCountry "DEN"]

1. e4 e5 2. Nf3 Nc6 3. d4 exd4 4. Nxd4 Nf6 5. Nxc6 bxc6 6. e5 Qe7 7. Qe2 Nd5 8.
c4 Nb6 9. b3 g6 10. Ba3 d6 11. Nd2 Bg7 12. f4 O-O 13. O-O-O c5 14. exd6 Qxd6
15. Qe3 Qf6 16. Qe5 Qxe5 17. fxe5 Bxe5 18. Bxc5 Rd8 19. Be3 Bf5 20. Be2 a5 21.
Nf3 Bf6 22. Bd4 Be7 23. Bc3 a4 24. Rxd8+ Bxd8 25. Rd1 Be7 26. Bd3 Bxd3 27. Rxd3
axb3 28. axb3 Bd6 29. Kb2 Rb8 30. Kc2 Ra8 31. Kb2 Rb8 32. Kc2 Ra8 33. Kb2
1/2-1/2

[Event "Bronshoj Lang Weekend 2013"]
[Site "Bronshoj"]
[Date "2013.02.09"]
[Round "2"]
[White "Pedersen, Jan Nordenbaek"]
[Black "Nohr, Finn"]
[Result "0-1"]
[WhiteElo "2263"]
[BlackElo "2054"]
[PlyCount "108"]
[EventDate "2013.??.??"]
[EventType "swiss"]
[EventRounds "7"]
[EventCountry "DEN"]

1. c4 c6 2. d4 d5 3. Nf3 Nf6 4. g3 e6 5. Bg2 Nbd7 6. O-O Bd6 7. Qc2 O-O 8. Nbd2
b6 9. e4 dxe4 10. Ng5 Bb7 11. Ndxe4 Be7 12. Rd1 h6 13. Nxf6+ Nxf6 14. Ne4 Qd7
15. b3 Rad8 16. Bb2 Qc7 17. Nc3 a6 18. Rd2 c5 19. d5 exd5 20. Nxd5 Nxd5 21.
cxd5 Bd6 22. Re1 Rfe8 23. Rde2 Rxe2 24. Rxe2 Bf8 25. Qd1 Qd7 26. h3 f6 27. Kh2
Qf5 28. Be4 Qh5 29. Rd2 Qxd1 30. Rxd1 Kf7 31. Kg2 f5 32. Bf3 Be7 33. g4 Bf6 34.
Bxf6 Kxf6 35. gxf5 Kxf5 36. Bg4+ Ke5 37. Re1+ Kf4 38. Re7 Bxd5+ 39. Kf1 c4 40.
Rxg7 cxb3 41. axb3 Bxb3 42. Rg6 Rb8 43. Rxh6 a5 44. Ke2 b5 45. Ra6 a4 46. Kd2
b4 47. Be2 a3 48. h4 Bg8 49. Bd3 a2 50. Kc1 b3 51. Ra4+ Kf3 52. Kb2 Rd8 53. Bc4
Bxc4 54. Rxc4 Rd2+ 0-1

[Event "Bronshoj Lang Weekend 2013"]
[Site "Bronshoj"]
[Date "2013.02.09"]
[Round "2"]
[White "Yssing, Klaus"]
[Black "Rosenkilde, Alexander"]
[Result "0-1"]
[WhiteElo "1914"]
[BlackElo "2242"]
[PlyCount "86"]
[EventDate "2013.??.??"]
[EventType "swiss"]
[EventRounds "7"]
[EventCountry "DEN"]

1. e4 c5 2. Nf3 Nc6 3. c3 d5 4. exd5 Qxd5 5. d4 Bg4 6. Be2 cxd4 7. cxd4 e6 8.
Nc3 Qa5 9. O-O Nf6 10. a3 Bd6 11. Be3 O-O 12. h3 Bh5 13. b4 Qd8 14. Qd2 Rc8 15.
Rfd1 Nd5 16. Bg5 Qd7 17. Ne4 Bb8 18. Bh4 Bf4 19. Qb2 Bg6 20. Nc5 Qc7 21. Nd3
Bxd3 22. Bxd3 h6 23. g3 g5 24. gxf4 gxh4 25. Ne5 Nxf4 26. Qd2 Nxh3+ 27. Kf1
Nxe5 28. dxe5 Qxe5 29. Qxh6 Ng5 30. Qxh4 f6 31. f4 Qe3 32. Qf2 Qh3+ 33. Qg2
Qxg2+ 34. Kxg2 Nf7 35. Kf3 Rfd8 36. Bb5 Rc3+ 37. Kg4 Nh6+ 38. Kh5 Kh7 39. Kh4
Nf5+ 40. Kh5 Rh3+ 41. Kg4 Rg3+ 42. Kh5 Rdg8 43. Rd7+ Kh8 0-1

[Event "Bronshoj Lang Weekend 2013"]
[Site "Bronshoj"]
[Date "2013.02.09"]
[Round "2"]
[White "Stojanovski, Sandi"]
[Black "Stolberg Rohr, Thomine"]
[Result "1-0"]
[WhiteElo "2230"]
[BlackElo "2025"]
[PlyCount "57"]
[EventDate "2013.??.??"]
[EventType "swiss"]
[EventRounds "7"]
[EventCountry "DEN"]

1. d4 g6 2. Nf3 Bg7 3. e4 d6 4. Be2 Nd7 5. O-O e5 6. c4 Ne7 7. Nc3 O-O 8. Re1
exd4 9. Nxd4 Nc6 10. Be3 Nxd4 11. Bxd4 f6 12. f4 Kh8 13. Bf3 Rf7 14. Qd2 Qf8
15. b4 c5 16. bxc5 dxc5 17. Bf2 Rb8 18. Rad1 b6 19. Nb5 Ba6 20. Nd6 Re7 21. Bh4
Bh6 22. Bg3 Ne5 23. Qd5 Nxf3+ 24. gxf3 Bg7 25. Rd3 Bb7 26. Nxb7 Rbxb7 27. e5
fxe5 28. fxe5 Re8 29. Qxb7 1-0

[Event "Bronshoj Lang Weekend 2013"]
[Site "Bronshoj"]
[Date "2013.02.09"]
[Round "2"]
[White "Schmidt, Horst Hubert"]
[Black "Danielsson, Dominik"]
[Result "0-1"]
[WhiteElo "1683"]
[BlackElo "1895"]
[PlyCount "74"]
[EventDate "2013.??.??"]
[EventType "swiss"]
[EventRounds "7"]
[EventCountry "DEN"]

1. e4 c6 2. g3 d5 3. Bg2 dxe4 4. Bxe4 Nf6 5. Bg2 Bf5 6. d3 e6 7. Nc3 Nbd7 8.
Nge2 h5 9. h3 Qc7 10. Be3 Nd5 11. Nxd5 cxd5 12. Qd2 a6 13. Rc1 Bc5 14. d4 Bd6
15. Bf4 Nf6 16. Bxd6 Qxd6 17. f3 Rc8 18. c3 b5 19. Kf2 Rg8 20. Qg5 Qe7 21. Qd2
g5 22. Rce1 Qd6 23. Kf1 h4 24. g4 Bh7 25. Qe3 b4 26. Qd2 bxc3 27. bxc3 Qa3 28.
Rc1 Rb8 29. c4 dxc4 30. Rxc4 Nd5 31. Kf2 Bd3 32. Qc1 Qxa2 33. Rc8+ Ke7 34. Rxb8
Qxe2+ 35. Kg1 Rxb8 36. Qxg5+ Kd7 37. Qxh4 Rb2 0-1

[Event "Bronshoj Lang Weekend 2013"]
[Site "Bronshoj"]
[Date "2013.02.09"]
[Round "2"]
[White "Jacobsen, Mads Holger Bang"]
[Black "Petersen, Peter Birk"]
[Result "1/2-1/2"]
[WhiteElo "2007"]
[BlackElo "2121"]
[PlyCount "69"]
[EventDate "2013.??.??"]
[EventType "swiss"]
[EventRounds "7"]
[EventCountry "DEN"]

1. c4 e5 2. g3 g6 3. Bg2 Bg7 4. Nc3 d6 5. e4 Nc6 6. Nge2 f5 7. d3 Nf6 8. O-O
O-O 9. Nd5 Ne7 10. Nxf6+ Bxf6 11. Be3 Nc6 12. exf5 Bxf5 13. d4 Bg4 14. d5 Ne7
15. h3 Bxe2 16. Qxe2 Nf5 17. h4 b6 18. Rae1 Qe7 19. Qg4 Nxe3 20. Rxe3 Bg7 21.
Be4 Rf6 22. Kg2 Raf8 23. Qe2 Bh6 24. Ra3 a5 25. h5 Kg7 26. hxg6 hxg6 27. Qg4
Bd2 28. Rd3 Bb4 29. f3 Rh8 30. Rdd1 Qe8 31. b3 Bc5 32. Rh1 Rff8 33. Qg5 Qf7 34.
Rxh8 Rxh8 35. Rh1 1/2-1/2

[Event "Bronshoj Lang Weekend 2013"]
[Site "Bronshoj"]
[Date "2013.02.09"]
[Round "2"]
[White "Kirknel, Thomas"]
[Black "Hansen, Rasmus Agertoft"]
[Result "1/2-1/2"]
[WhiteElo "2111"]
[BlackElo "1975"]
[PlyCount "99"]
[EventDate "2013.??.??"]
[EventType "swiss"]
[EventRounds "7"]
[EventCountry "DEN"]

1. e4 e5 2. Nf3 Nc6 3. Bb5 a6 4. Ba4 Nf6 5. O-O Be7 6. Nc3 b5 7. Bb3 O-O 8. a4
b4 9. Nd5 d6 10. d3 Rb8 11. h3 Na5 12. Ba2 Nxd5 13. Bxd5 c6 14. Ba2 c5 15. Bd5
Be6 16. Bxe6 fxe6 17. Be3 Qe8 18. Qe2 Qg6 19. Rab1 Qe8 20. Ng5 Bxg5 21. Bxg5
Nc6 22. c3 Qg6 23. Be3 Rb7 24. Qc2 b3 25. Qd1 Qe8 26. Ra1 Ne7 27. Ra3 Qb8 28.
Qg4 Qc8 29. f4 exf4 30. Rxf4 Rxf4 31. Bxf4 e5 32. Qxc8+ Nxc8 33. Be3 Ne7 34.
Kf2 Nc6 35. Ke2 Na5 36. Ra1 Rf7 37. Rf1 Rxf1 38. Kxf1 Kf7 39. Ke2 Ke6 40. Kd2
Kd7 41. c4 h6 42. Kc3 Ke6 43. h4 Kf6 44. h5 g5 45. hxg6 Kxg6 46. g4 h5 47.
gxh5+ Kxh5 48. Bc1 Kg6 49. Be3 Kh5 50. Bc1 1/2-1/2

[Event "Bronshoj Lang Weekend 2013"]
[Site "Bronshoj"]
[Date "2013.02.09"]
[Round "2"]
[White "Madsen, Michael B"]
[Black "Christiansen, Johan Sebastian"]
[Result "0-1"]
[WhiteElo "1945"]
[BlackElo "2071"]
[PlyCount "50"]
[EventDate "2013.??.??"]
[EventType "swiss"]
[EventRounds "7"]
[EventCountry "DEN"]

1. e4 c5 2. Nf3 d6 3. d4 cxd4 4. Nxd4 Nf6 5. Nc3 g6 6. f3 Bg7 7. Be3 O-O 8. Bc4
Nc6 9. Qd2 Bd7 10. Bb3 Rc8 11. O-O-O Nxd4 12. Bxd4 b5 13. Nd5 Nxd5 14. Bxg7
Kxg7 15. exd5 a5 16. a3 Kg8 17. g4 b4 18. axb4 axb4 19. Qxb4 Rb8 20. Qd4 Qa5
21. Rde1 Rb4 22. Qe3 Rc8 23. Kd1 Bb5 24. Qxe7 Rd4+ 25. Kc1 Qa1# 0-1